| 000 | 00648nam a2200205Ia 4500 | ||
|---|---|---|---|
| 003 | GCL | ||
| 008 | 140319s9999 xx 000 0 ara d | ||
| 040 |
_aGCL / _cGCL |
||
| 082 | 0 | 4 |
_a889 _bك ف |
| 100 | 1 | _aكازانتزاكس، نيقوس | |
| 245 | 1 | 0 |
_aفقير الله : القديس فرانسيس الصقلى / _cكازانتزاكس، نيقوس |
| 700 | 1 | _aسهيل نجم | |
| 300 | _a392 ص | ||
| 490 |
_aالسلسلة الروائية _v0 |
||
| 650 | 0 | 4 | _aالادب اليونانى |
| 650 | 0 | 4 | _aالادب |
| 650 | 0 | 4 | _aالقصص اليونانية |
| 650 | 0 | 4 | _aالادب اليونانى الحديث |
| 942 |
_2ddc _cBK |
||
| 999 |
_c48715 _d48715 |
||